Building Competitive Advantage throug Customer Experience Management

Analýza vzájomnej závislosti zákazníka s marketingovým trendom, skúsenosti, tvorba a vnímanie hodnoty a citlivosti na ceny ako potenciálne stavebné kamene pre diferenciáciu na príklade mestskej dopravy v Českej republike.

Gespeichert in:
Bibliographische Detailangaben
1. Verfasser: Havíř, David
Format: Buchkapitel
Sprache:Englisch
Schlagworte:
Tags: Tag hinzufügen
Keine Tags, Fügen Sie das erste Tag hinzu!

MARC

LEADER 00000naa a2200000 4500
001 0257709
005 20241023132346.5
041 0 |a eng 
044 |a CZ 
245 1 0 |a Building Competitive Advantage throug Customer Experience Management  |c David Havíř 
520 |a Analýza vzájomnej závislosti zákazníka s marketingovým trendom, skúsenosti, tvorba a vnímanie hodnoty a citlivosti na ceny ako potenciálne stavebné kamene pre diferenciáciu na príklade mestskej dopravy v Českej republike. 
610 2 0 |a výhody konkurenčné 
610 2 0 |a Česko 
610 2 0 |a doprava hromadná mestská 
610 2 0 |a spokojnosť zákazníkov 
610 2 0 |a prieskum marketingový 
100 1 |a Havíř, David